<?xml version="1.0" encoding="UTF-8"?>
<record
    xmlns:xsi="http://www.w3.org/2001/XMLSchema-instance"
    xsi:schemaLocation="http://www.loc.gov/MARC21/slim http://www.loc.gov/standards/marcxml/schema/MARC21slim.xsd"
    xmlns="http://www.loc.gov/MARC21/slim">

  <leader>01105nam a2200277 a 4500</leader>
  <controlfield tag="001">BRCA_909</controlfield>
  <controlfield tag="005">20190320203213.0</controlfield>
  <controlfield tag="008">051122s2006----u--a#####c---#000-0#eng-#</controlfield>
  <datafield tag="020" ind1=" " ind2=" ">
    <subfield code="a">093290081X</subfield>
  </datafield>
  <datafield tag="040" ind1=" " ind2=" ">
    <subfield code="a">DLC</subfield>
    <subfield code="c">DLC</subfield>
    <subfield code="d">GZM</subfield>
  </datafield>
  <datafield tag="041" ind1=" " ind2=" ">
    <subfield code="a">eng</subfield>
  </datafield>
  <datafield tag="044" ind1=" " ind2=" ">
    <subfield code="a">u</subfield>
  </datafield>
  <datafield tag="050" ind1=" " ind2="4">
    <subfield code="a">NK6498.F4</subfield>
    <subfield code="b">.C56 2006</subfield>
  </datafield>
  <datafield tag="100" ind1="1" ind2=" ">
    <subfield code="a">Clowes, Jody</subfield>
    <subfield code="9">3013</subfield>
  </datafield>
  <datafield tag="245" ind1="1" ind2="0">
    <subfield code="a">Metalsmiths and Mentors</subfield>
    <subfield code="b">Fred Fenster and Eleanor Moty at the University of Wisconsin-Madison</subfield>
    <subfield code="c">by Jody Clowes.</subfield>
  </datafield>
  <datafield tag="260" ind1=" " ind2=" ">
    <subfield code="a">Madison, Wisconsin</subfield>
    <subfield code="b">Chazen Museum of Art : University of Wisconsin-Madison</subfield>
    <subfield code="c">2006</subfield>
  </datafield>
  <datafield tag="300" ind1=" " ind2=" ">
    <subfield code="a">125 p.</subfield>
    <subfield code="b">il. a color</subfield>
    <subfield code="c">28 cm.</subfield>
  </datafield>
  <datafield tag="500" ind1=" " ind2=" ">
    <subfield code="a">Cat&#xE1;logo de la exposici&#xF3;n realizada en The Chazen Museum of Art, University of Wisconsin-Madison (Madison), 29 abril - 23 julio, 2006</subfield>
  </datafield>
  <datafield tag="600" ind1="1" ind2="4">
    <subfield code="a">Fenster, Fred</subfield>
    <subfield code="d">1934-</subfield>
    <subfield code="v">Exposiciones</subfield>
    <subfield code="9">3014</subfield>
  </datafield>
  <datafield tag="600" ind1="1" ind2="4">
    <subfield code="a">Moty, Eleanor</subfield>
    <subfield code="v">Exposiciones</subfield>
    <subfield code="9">3015</subfield>
  </datafield>
  <datafield tag="610" ind1="2" ind2="4">
    <subfield code="a">University of Wisconsin-Madison</subfield>
    <subfield code="v">Exposiciones</subfield>
    <subfield code="x">Consejeros</subfield>
    <subfield code="9">3016</subfield>
  </datafield>
  <datafield tag="650" ind1="1" ind2="4">
    <subfield code="a">Arte metalisteria</subfield>
    <subfield code="v">Exposiciones</subfield>
    <subfield code="z">Wisconsin - Madison</subfield>
    <subfield code="9">3017</subfield>
  </datafield>
  <datafield tag="700" ind1="1" ind2=" ">
    <subfield code="a">Fenster, Fred</subfield>
    <subfield code="d">1934-</subfield>
    <subfield code="9">3018</subfield>
  </datafield>
  <datafield tag="700" ind1="1" ind2=" ">
    <subfield code="a">Moty, Eleanor</subfield>
    <subfield code="9">3019</subfield>
  </datafield>
  <datafield tag="942" ind1=" " ind2=" ">
    <subfield code="2">lcc</subfield>
    <subfield code="c">B</subfield>
  </datafield>
  <datafield tag="999" ind1=" " ind2=" ">
    <subfield code="c">802</subfield>
    <subfield code="d">802</subfield>
  </datafield>
  <datafield tag="952" ind1=" " ind2=" ">
    <subfield code="0">0</subfield>
    <subfield code="1">0</subfield>
    <subfield code="4">0</subfield>
    <subfield code="7">0</subfield>
    <subfield code="a">BRCA</subfield>
    <subfield code="b">BRCA</subfield>
    <subfield code="d">2008-06-26</subfield>
    <subfield code="l">0</subfield>
    <subfield code="o">NK6498.F4 .C56 2006</subfield>
    <subfield code="p">01382</subfield>
    <subfield code="r">2019-03-22 00:00:00</subfield>
    <subfield code="w">2019-03-22</subfield>
    <subfield code="y">B</subfield>
  </datafield>
</record>
